000
00287nam a22001097a 4500
082
_a
621.314 WRI'C
100
_a
WRIGHT, A
_9
78066
245
_a
CURRENT TRANSFORMERS THEIR TRANSIENT AND STEADY STATE PERFORMANCE
260
_a
LONDON
_b
CHAPMAN & HALL
_c
1968
300
_a
824P
942
_c
BK
999
_c
583222
_d
583222